00477nam a2200157 i 45000010011000000030005000110050017000160080041000330400025000742450046000992640059001453360021002043370025002253380023002506500046002732-00334987PPAK20180729135537.0151208s cc a|||| ||||| | eng d aPPAKbengcPPAKerda00aChinese pen (Taiwan) ; The Chinese pen. 1aTaipei, Taiwan:bChinese Center, International P.E.N., 2rdacontentatext 2rdamediaaunmediated 2rdacarrieravolume10aChinese literature ; Chinese literature